<?xml version="1.0" encoding="UTF-8"?>
<marc:record xmlns:marc="http://www.loc.gov/MARC21/slim">
   <marc:leader>00000nam a2200000 a 4500</marc:leader>
   <marc:datafield ind1=" " ind2=" " tag="653">
      <marc:subfield code="a">Pferd</marc:subfield>
   </marc:datafield>
   <marc:datafield ind1="0" ind2="0" tag="245">
      <marc:subfield code="a">Faszinierende Pferde</marc:subfield>
   </marc:datafield>
   <marc:datafield ind1="0" ind2="0" tag="245">
      <marc:subfield code="b">Das spannende Wissens-Quiz-Spiel</marc:subfield>
   </marc:datafield>
   <marc:datafield ind1=" " ind2="1" tag="264">
      <marc:subfield code="a">Ravensburg</marc:subfield>
      <marc:subfield code="b">Ravensburger Spieleverlag</marc:subfield>
      <marc:subfield code="c">2015</marc:subfield>
   </marc:datafield>
   <marc:datafield ind1="1" ind2=" " tag="490">
      <marc:subfield code="a">Wissen und Quizzen</marc:subfield>
   </marc:datafield>
   <marc:datafield ind1="1" ind2=" " tag="520">
      <marc:subfield code="a">Warum tragen Pferde Hufeisen? Was frisst ein Pferd?&#xD;
&#xD;
Zusammen mit den frechen All-Wissenden sammeln Kinder wertvolles Wissen von A bis Z. tiptoi Wissen &amp; Quizzen: Faszinierende Pferde bietet dreifachen Lernspaß! Der Experte Robert Ross berichtet alles, was man über Pferde wissen sollte. Im spannenden Quiz-Spiel mit Käpt’n Quizzo vertiefen und überprüfen die Spieler ihr Wissen. Wilma Weg verrät die Regeln für ein Kartenspiel ohne tiptoi.&#xD;
Spiel-Inhalt:36 Karten (davon 26 Karten von A bis Z, 10 Sonderkarten)&#xD;
tiptoi® Stift nicht enthalten, muss separat erworben werden.&#xD;
Spieleranzahl: 1 bis 6 Spieler&#xD;
Spieldauer: Spieldauer beliebig&#xD;
Spieleanleitung in DE.</marc:subfield>
   </marc:datafield>
   <marc:datafield ind1="3" ind2=" " tag="024">
      <marc:subfield code="a">4005556000791</marc:subfield>
   </marc:datafield>
   <marc:datafield ind1=" " ind2=" " tag="338">
      <marc:subfield code="a">Gegenstand</marc:subfield>
   </marc:datafield>
</marc:record>
